Shakespeare's Murderers Quiz Stats

Quiz Updated Feb 24, 2016

Challenge
Share
Tweet
Embed
Score 0/20 Timer 05:00
4 Plays Today
Victim Killer % Correct
PoloniusHamlet
83.8%
TybaltRomeo
77%
DuncanMacbeth
74.6%
MercutioTybalt
72.6%
DesdemonaOthello
72.1%
MacbethMacduff
71.6%
EmiliaIago
59.3%
TamoraTitus Andronicus
48.7%
HamletLaertes
45.1%
HotspurHal
38.9%
Victim Killer % Correct
ReganGoneril
32.9%
Richard IIIRichmond
24.2%
EdmundEdgar
21.6%
CoriolanusAufidius
19.3%
Titus AndronicusSaturninus
18.2%
PatroclusHector
18.2%
AntigonusA bear
13.3%
SaturninusLucius
6.9%
CassiusPindarus
2.9%
ClotenGuiderius
2.6%

You're not logged in!

Compare scores with friends on all Sporcle quizzes.
Sign Up with Email
OR
Log In

You Might Also Like...

Show Comments

Extras

Top Quizzes Today


Score Distribution

Your Account Isn't Verified!

In order to create a playlist on Sporcle, you need to verify the email address you used during registration. Go to your Sporcle Settings to finish the process.